Vybrané kapitoly zo psychiatrického ošetrovateľstva

Bibliographic Details
Main Author: Hrindová, Tatiana, 1967- (Author)
Format: Book
Language:Slovak
PhysicalDescription:80 s. 21 cm
Published: [Bratislava] Silvia Hodálová - Viuss 2015
ISBN:9788097209407
Edition:1. vyd.
Subjects:

MARC

LEADER 00000nam a2200000 a 4500
001 vtls011187447
003 SK-MaSNL
005 20260301140957.0
008 240318s2015 xo e n 000 0dslo
015 |a SNBA2015/11 
020 |a 9788097209407  |q (brož.) 
035 |a 476D387E-4113-4BA8-BB1A-7E544167305D 
035 |a urn:nbn:sk:snk-aml3tv 
035 |a urn:nbn:sk:snk-am008kh9 
040 |a SNK  |b slo  |c SNK  |e AACR2 
041 0 |a slo 
044 |a xo  |c SK 
072 7 |a 616.89  |x Psychiatria  |2 konspekt 
080 |a 616.89  |2 2001 
080 |a (075.8)  |2 2001 
080 |a 616.89-08  |2 2001 
080 |a 616-083  |2 2001 
100 1 |a Hrindová, Tatiana,  |d 1967-  |4 aut  |9 229933 
245 1 0 |a Vybrané kapitoly zo psychiatrického ošetrovateľstva  |c Tatiana Hrindová 
250 |a 1. vyd. 
260 |a [Bratislava]  |b Silvia Hodálová - Viuss  |c 2015 
300 |a 80 s.  |c 21 cm 
366 |e 300 výt. 
500 |a Biogr. údaje 
500 |a Miesto vyd. podľa ISBN 
500 |a Na tit. strane uvedené miesto vyd. Michalovce 
504 |a Bibliogr.: s. 64-69 
650 0 7 |a psychiatria  |2 SNKPH  |9 2571 
650 0 7 |a psychiatrická starostlivosť  |2 SNKPH  |9 2570 
650 0 7 |a ošetrovateľstvo  |2 SNKPH  |9 2557 
650 0 7 |a Psychiatry  |2 SNKPHeng  |9 267379 
650 0 7 |a Psychiatric care  |2 SNKPHeng  |9 310191 
650 0 7 |a Nursing  |2 SNKPHeng  |9 267855 
655 7 |a učebnice vysokých škôl  |2 SNKPH  |9 70191 
655 7 |a Textbooks (higher)  |2 SNKPHeng  |9 276436 
919 |a 978-80-972094-0-7 
958 |a NB 
958 |a MI 
999 |c 765653  |d 767583 
952 |a SNK  |b SNK  |y PREZ  |7 0  |p 17A1174267  |o snkSC 166924  |i snk2015/30645  |8 0  |0 0  |1 0  |4 0  |d 2015-11-09  |f 1  |l 0  |r 2015-12-31 00:00:00  |w 2026-02-24 
952 |a SNK  |b SNK  |y VYP  |7 0  |p 17A1174268  |o snkSC 166924 D1  |i snk2015/30646  |8 0  |0 0  |1 0  |4 0  |d 2015-11-09  |l 1  |m 2  |r 2026-05-07 15:11:54  |s 2026-02-28  |w 2026-02-24